| 000 | 01594pam a2200385 a 4500 | ||
|---|---|---|---|
| 999 |
_c94242 _d94242 |
||
| 001 | 1633801 | ||
| 003 | CITU | ||
| 005 | 20260212162811.0 | ||
| 008 | 260212b ||||| |||| 00| 0 eng d | ||
| 010 | _a 96012134 | ||
| 020 |
_a0471592684 _qcloth : acid-free paper |
||
| 020 |
_a9780471592686 _q(cloth : acid-free paper) |
||
| 035 | _a1633801 | ||
| 040 |
_aCITU LRAC _cDLC _dDLC _beng |
||
| 041 | _aeng | ||
| 050 | 0 | 0 |
_aTK7871.6 _b.B353 1997 |
| 082 | 0 | 0 |
_a621.382/4 _220 |
| 100 | 1 |
_aBalanis, Constantine A., _d1938- _eauthor |
|
| 245 | 1 | 0 |
_aAntenna theory : _banalysis and design / _cConstantine A. Balanis. |
| 250 | _aSecond edition | ||
| 264 | 1 |
_aNew York : _bWiley, _cc1997. |
|
| 300 |
_axvi, 941 pages : _billustrations ; _c26 cm. + _e1 floppy disk (3 1/2 in.) |
||
| 336 |
_atext _btxt _2rdacontent |
||
| 337 |
_aunmediated _bn _2rdamedia |
||
| 338 |
_avolume _bnc _2rdacarrier |
||
| 504 | _aIncludes bibliographical references and index. | ||
| 650 | 0 | _aAntennas (Electronics) | |
| 856 | 4 | 2 |
_3Publisher description _uhttp://www.loc.gov/catdir/description/wiley037/96012134.html |
| 856 | 4 |
_3Table of Contents only _uhttp://www.loc.gov/catdir/toc/onix03/96012134.html |
|
| 856 | 4 | 2 |
_3Contributor biographical information _uhttp://www.loc.gov/catdir/enhancements/fy0607/96012134-b.html |
| 906 |
_a7 _bcbc _corignew _d1 _eocip _f19 _gy-gencatlg |
||
| 942 |
_2ddc _cBK |
||